000 00968nac a22002897a 4500
001 BR7000975
003 BR-BrBNA
005 20240105113412.0
008 230509b bl.|||m| |||| 00| 0 por d
040 _aBR-BrBNA
_bpor
_cBiblioteca Nacional de Agricultura
072 _aL00; L30
090 _a5240 BR7000975
100 1 _aMuller, O.R.
110 1 _aSecretaria da Agricultura, Porto Alegre, RS (Brasil). Depto. da Producao Animal
_98481
245 1 _aEncarneiramento de borregas de 2 a 4 dentes [Rio Grande do Sul, Brasil]
260 3 _aPorto Alegre, RS (Brasil):
_c1970.
300 _a11 p.
490 _aBoletim Tecnico - Secretaria da Agricultura. Depto. da Producao Animal (Brazil)
_vno. 18
_x
500 _aSummaries (En, Pt); 6 tables
650 _aCONFINAMENTO
650 _aOVELHA
650 _aPASTAGEM NATURAL
650 _aOVINO
650 _aRIO GRANDE DO SUL
909 _a202312
_bLúcia Elande
_c55
_dLúcia Elande
942 _2AGRIS
_n0
_cMS
999 _c263519
_d263519